[Event "FISU World University"]
[Site "Tornelo INT"]
[Date "2020.10.28"]
[Round "8.15"]
[White "Garcia De Dios, Jose Antonio"]
[Black "Gamage, Chathulanka"]
[Result "1/2-1/2"]
[WhiteElo "2206"]
[BlackElo "1895"]
[PlyCount "87"]
[EventDate "2020.10.26"]
[EventType "team-swiss (rapid)"]
[EventRounds "9"]
[EventCountry "NET"]
[SourceTitle "CBM 199 Extra"]
[Source "ChessBase"]
[SourceDate "2021.01.31"]
[SourceVersion "1"]
[SourceVersionDate "2021.01.31"]
[SourceQuality "1"]
[WhiteTeam "Mexico III"]
[BlackTeam "Sri Lanka"]
[WhiteTeamCountry "MEX"]
[BlackTeamCountry "SRI"]

1. d4 Nf6 2. c4 g6 3. Nc3 Bg7 4. e4 d6 5. f4 0-0 6. Nf3 c5 7. d5 e6 8. Be2 exd5 9. cxd5 Re8 10. Nd2 Nbd7 11. 0-0 c4 12. Bxc4 Nc5 13. Qf3 Bg4 14. Qg3 Ncxe4 15. Ndxe4 Nxe4 16. Nxe4 Rxe4 17. Bd3 Rd4 18. Qxg4 Rxd3 19. f5 Rxd5 20. fxg6 hxg6 21. Be3 Qe7 22. Rae1 Re5 23. Bf2 Re8 24. Bg3 Rxe1 25. Rxe1 Qd8 26. Rxe8+ Qxe8 27. h4 Qe3+ 28. Kh1 Be5 29. Qc8+ Kg7 30. Bxe5+ Qxe5 31. Qxb7 Qe1+ 32. Kh2 Qxh4+ 33. Kg1 Qd4+ 34. Kh2 Qb6 35. Qd5 Qxb2 36. Qxd6 a5 37. a3 Qf6 38. Qc5 Qh4+ 39. Kg1 Qe1+ 40. Kh2 Qh4+ 41. Kg1 Qe1+ 42. Kh2 Qh4+ 43. Kg1 Qe1+ 44. Kh2 1/2-1/2

[Event "Wch U16"]
[Site "Al Ain"]
[Date "2013.12.18"]
[Round "1"]
[White "Wu, Christopher"]
[Black "Gamage, Chathulanka"]
[Result "1-0"]
[WhiteElo "2198"]
[BlackElo "1745"]
[PlyCount "71"]
[EventDate "2013.12.18"]
[EventType "swiss"]
[EventRounds "11"]
[EventCountry "UAE"]
[SourceTitle "CBM 158 Extra"]
[Source "ChessBase"]
[SourceDate "2014.02.28"]
[SourceVersion "1"]
[SourceVersionDate "2014.02.28"]
[SourceQuality "1"]

1. e4 c5 2. Nf3 d6 3. d4 cxd4 4. Nxd4 Nf6 5. Nc3 a6 6. h3 e5 7. Nb3 Be6 8. Be3 Nbd7 9. Qd2 Be7 10. 0-0-0 Qc7 11. g4 h6 12. Kb1 b5 13. f4 exf4 14. Bxf4 Ne5 15. Nd5 Bxd5 16. exd5 Nfd7 17. Nd4 Rc8 18. c3 h5 19. gxh5 Rxh5 20. Be2 Rh8 21. Bg4 g6 22. Bxe5 dxe5 23. Nc6 Bd6 24. Qg5 Nb6 25. Bxc8 Nxc8 26. Qf6 Rh5 27. Rhe1 Nb6 28. Nxe5 Rxe5 29. Rxe5+ Bxe5 30. Re1 Nc4 31. d6 Qd8 32. Rxe5+ Nxe5 33. Qxe5+ Kd7 34. Qd5 Kc8 35. Qc6+ Kb8 36. Qxa6 1-0

[Event "Wch U14"]
[Site "Maribor"]
[Date "2012.11.14"]
[Round "7.60"]
[White "Redman, David J"]
[Black "Gamage, Chathulanka"]
[Result "0-1"]
[WhiteElo "1831"]
[BlackElo "1663"]
[PlyCount "93"]
[EventDate "2012.11.08"]
[EventType "swiss"]
[EventRounds "11"]
[EventCountry "SLO"]
[SourceTitle "EXT 2013"]
[Source "ChessBase"]
[SourceDate "2012.11.22"]
[SourceVersion "1"]
[SourceVersionDate "2012.11.22"]
[SourceQuality "1"]

1. d4 Nf6 2. c4 g6 3. Nf3 Bg7 4. g3 0-0 5. Bg2 d6 6. Nc3 Nc6 7. 0-0 a6 8. e4 Rb8 9. a4 Nd7 10. Be3 Na5 11. Qe2 c5 12. Rad1 cxd4 13. Bxd4 Nc6 14. Bxg7 Kxg7 15. Nh4 Qa5 16. Nd5 Nc5 17. b4 Nxb4 18. Qb2+ f6 19. Nxb4 Qxa4 20. Nd5 Qe8 21. f4 e5 22. fxe5 dxe5 23. Qb6 Qc6 24. Rb1 Bd7 25. Nxf6 Rxf6 26. Rxf6 Kxf6 27. Qa5 b6 28. Qc3 Qd6 29. Nf3 Re8 30. Qb2 b5 31. cxb5 Bxb5 32. h4 Kg7 33. Qa2 Rf8 34. Qb2 Re8 35. Qa2 Nxe4 36. Kh2 Nxg3 37. Ng5 Qf6 38. Rb3 Nh5 39. Rf3 Nf4 40. Qf2 Bc6 41. Qa2 Bxf3 42. Bxf3 h6 43. Nh3 Nxh3 44. h5 Qxf3 45. Qxa6 Nf4 46. Qa7+ Kh8 47. Qa2 0-1

[Event "Wch U14"]
[Site "Maribor"]
[Date "2012.11.08"]
[Round "1.54"]
[White "Gamage, Chathulanka"]
[Black "Zamengo, Fulvio"]
[Result "0-1"]
[WhiteElo "1663"]
[BlackElo "2072"]
[PlyCount "60"]
[EventDate "2012.11.08"]
[EventType "swiss"]
[EventRounds "11"]
[EventCountry "SLO"]
[SourceTitle "EXT 2013"]
[Source "ChessBase"]
[SourceDate "2012.11.22"]
[SourceVersion "1"]
[SourceVersionDate "2012.11.22"]
[SourceQuality "1"]

1. d4 Nf6 2. c4 c5 3. d5 b5 4. cxb5 a6 5. bxa6 g6 6. Nc3 Bxa6 7. Nf3 d6 8. g3 Bg7 9. Bg2 Nfd7 10. 0-0 0-0 11. Re1 Nb6 12. e4 Nc4 13. Qc2 Nd7 14. b3 Qa5 15. e5 Ncxe5 16. Nxe5 Nxe5 17. Bd2 Rfe8 18. h4 Qc7 19. h5 c4 20. b4 Nd3 21. Reb1 Bb7 22. a4 e6 23. Ra3 Rac8 24. h6 Bd4 25. Be3 Bxe3 26. fxe3 exd5 27. Bxd5 Rxe3 28. Ne4 Rxe4 29. Bxe4 Bxe4 30. Rf1 d5 0-1